000 00365nam a2200157Ia 4500
003 OSt
008 191201s2008 xx 000 0 und d
082 _a303.384
_bJEE
100 _aJEGADEESAN,G
245 0 _aEntrepreneurship and Rural Development in India
250 _a1st
260 _aHyderabad
_bIUP
_c2008
300 _a253
650 _aMBA
942 _2ddc
_cBK
999 _c4736
_d4736